00570nam a2200157 a 450000100100000000500170001000800410002702000180006804000250008608200150011110000300012624501270015626000380028330000370032150400540035800001481420200929163915.0100122s2007 dr ac 001 0 spa d a9789945853933 aDO-SdBNPbspacBNPHU axxxbL865e1 aLora Robles, Felix Manuel10aEncuadre de una identidad audiovisual :bevolución y perspectivas en República Dominicana /cFelix Manuel Lora Robles. aSanto Domingo :bValdivia,c2007. a315 p. :bil. ; retrs. ;c23 cm. aIncluye referencias bibliográficas [p. 314-315]